La casa-palacio de la Cámara de la Industria de Madrid (Record no. 40610)

MARC details
000 -LEADER
campo de control de longitud fija 00816nam a2200205 i 4500
001 - NÚMERO DE CONTROL
campo de control 40610
003 - IDENTIFICADOR DE NÚMERO DE CONTROL
campo de control ES-MaACL
005 - FECHA Y HORA DE LA ÚLTIMA TRANSACCIÓN
campo de control 20250901095955.0
007 - CAMPO FIJO DE DESCRIPCIÓN FÍSICA--INFORMACIÓN GENERAL
campo de control de longitud fija t|
008 - DATOS DE LONGITUD FIJA--INFORMACIÓN GENERAL
campo de control de longitud fija 030306s1948 sp ||||1| spa d
100 1# - ENTRADA PRINCIPAL--NOMBRE DE PERSONA
Nombre de persona Capella, Miguel.
9 (RLIN) 34822
245 13 - MENCIÓN DEL TÍTULO
Título La casa-palacio de la Cámara de la Industria de Madrid
Resto del título : (antigua mansión de los Duques de Santoña) : sus antecedentes históricos : su valor artístico actual /
Mención de responsabilidad, etc. por Miguel Capella.
260 ## - PUBLICACIÓN, DISTRIBUCIÓN, ETC.
Lugar de publicación, distribución, etc. Madrid :
Nombre del editor, distribuidor, etc. [s.n.],
Fecha de publicación, distribución, etc. 1948 (
Fabricante Gráfica Administrativa)
300 ## - DESCRIPCIÓN FÍSICA
Extensión 102 p., 21 lám. ;
Dimensiones 28 cm.
610 24 - PUNTO DE ACCESO ADICIONAL DE MATERIA--NOMBRE DE ENTIDAD CORPORATIVA
Nombre de entidad corporativa o nombre de jurisdicción como elemento de entrada Palacio de Santoña (Madrid)
9 (RLIN) 157394
610 24 - PUNTO DE ACCESO ADICIONAL DE MATERIA--NOMBRE DE ENTIDAD CORPORATIVA
Nombre de entidad corporativa o nombre de jurisdicción como elemento de entrada Cámara de Comercio, Industria y Navegación de Madrid
9 (RLIN) 2367
651 ## - PUNTO DE ACCESO ADICIONAL DE MATERIA--NOMBRE GEOGRÁFICO
Nombre geográfico Madrid-
Subdivisión general Edificios, estructuras, etc.
9 (RLIN) 8959
852 ## - LOCALIZACIÓN
Ubicación ES-MaACL
Número de control de estantería 1682-F-9
Sublocalización o colección R.25921
Holdings
Estatus retirado Estado de pérdida Estado de daño No para préstamo Colección Biblioteca de origen Biblioteca actual Ubicación en estantería Fecha de adquisición Fuente de adquisición Total de préstamos Signatura topográfica completa Código de barras Visto por última vez Precio de reemplazo Tipo de ítem Koha
        Colección de folletos Biblioteca del Ateneo de Madrid Biblioteca del Ateneo de Madrid Depósito folletos 17/01/2008     1682-F-9 1042753 23/02/2023 23/02/2023 Folleto